Responses for Show #3745 - Friday, December 8, 2000

Contestants

[<< previous game]

Wendy Cornaby, a graduate student from Hillsboro, Oregon

Gino Scalo, a seventh grade teacher from San Diego, California

Kurt Fried, a writer originally from Lenexa, Kansas (whose 2-day cash winnings total $19,801)

[next game >>]

Jeopardy! Round responses

GREAT BRITS
TEA TIME
FILL IN THE SHAKESPEARE
AROUND THE COMMONWEALTH
THE BRITISH INVASION
GOD SAVE THE "QUEEN"
    $100 16
Posh Spice

Wendy
    $100 26
Lipton

Gino
    $100 1
Your ears

Gino
    $100 21
Australia

Gino
    $100 11
Herman's Hermits

Gino
    $100 2
The African Queen

Gino
    $200 17
Milton

Gino
    $200 27
Peter (Rabbit)

Gino
    $200 4
a stage

Kurt
    $200 22
(Kurt: What is Indonesia?)

India

KurtGino
    $200 12
Petula Clark

Wendy
    $200 3
The Faerie Queene

Kurt
    $300 18
Sir John Gielgud

Gino
    $300 28
reading tea leaves

Gino
    $300 5
the king

Kurt
    $300 23
Canada

Gino
    $300 13
Van Morrison

Kurt
    $300 8
the Queen of Sheba

Triple Stumper
    $400 19
Newton

Gino
    $400 29
orange

Triple Stumper
    $400 6
the breach

Gino
    $400 24
(Kurt: What is Sudan?)

Nigeria

Kurt
Triple Stumper
    $400 14
The Kinks

Kurt
    $400 9
Queen Anne

Kurt
    $500 20
John Profumo Affair

Triple Stumper
    $500 30
chai

Kurt
    $500 7
cowards

Gino
    $500 25
Sri Lanka

Kurt
    $500 15
The Moody Blues

Triple Stumper
    $500 10
Queen's College

Kurt

Scores at the first commercial break (after clue 10):

Kurt Gino Wendy
$1,600 $1,100 $0

Scores at the end of the Jeopardy! Round:

Kurt Gino Wendy
$2,700 $3,300 $300

Double Jeopardy! Round responses

THE OLD TESTAMENT
FILMS OF THE '70s
MS. PRESIDENT
TAXI!
THE ARTS
RHYME TIME
    $200 1
hammer

Kurt
    $200 2
Norma Rae

Gino
    $200 16
bank

Wendy
    $200 30
yellow

Gino
    $200 20
dome

Wendy
    $200 3
Tinky Winky

Wendy
    $400 4
Samson

Gino
    $400 12
The Deer Hunter

Kurt
    $400 17
(Wendy: Who is Imelda Marcos?)
(Kurt: Who is Benazir Bhutto?)

Corazon Aquino

KurtGinoWendy
    $400 29
hail

Gino
    $400 21
photography

Gino
    $400 8
True Blue

Kurt
    $1,000 5
(Gino: What is a bush?)

rock

Gino
    $600 13
Breaking Away

Gino
    $600 18
Susan B. Anthony

Triple Stumper
    $600 28
Checker

Wendy
    $600 22
Venice

Gino
    $600 9
Chunky Monkey

Wendy
    $800 6
Ur

Wendy
    $800 14
(Gino: What is True Grit?)

The Shootist

Gino
Triple Stumper
    $800 19
Vassar

Kurt
    $800 27
Gypsy cab

Gino
    $800 23
(Kurt: Who is Martha Graham?)

Isadora Duncan

KurtGino
    $800 10
hodgepodge

Triple Stumper
    $1000 7
Elijah

Triple Stumper
    $1000 15
the red hot lovers

Gino
    $1000 25
(Dame) Margot Fonteyn

Triple Stumper
    $2,000 26
(Kurt: What is a cab?)

hack (from hackney)

Kurt
    $1000 24
stucco

Kurt
    $1000 11
stun gun

Gino

Scores at the end of the Double Jeopardy! Round:

Kurt Gino Wendy
$2,300 $8,300 $2,500
(lock game)

[wagering suggestions for these scores]

Final Jeopardy! Round responses

AFRICAN-AMERICAN AUTHORS
KurtWho is Alex Haley?
$2,299
WendyWho is Smith?
$2,200
GinoWho is Alex Haley?
$300
Alex Haley

Final scores:

Kurt Gino Wendy
$4,599 $8,600 $300
2nd place New champion: $8,600 3rd place

Game dynamics:

Coryat scores:

Kurt Gino Wendy
$4,300 $9,300 $2,500
14 R,
5 W
(including 1 DD)
26 R
(including 1 DD),
2 W
(including 1 DD)
8 R,
1 W

Combined Coryat: $16,100

[game clues] [game scores] [suggest correction]

Game tape date: 2000-10-04
The J! Archive is created by fans, for fans. Scraping, republication, monetization, and malicious use prohibited; this site may use cookies and collect identifying information. See terms. The Jeopardy! game show and all elements thereof, including but not limited to copyright and trademark thereto, are the property of Jeopardy Productions, Inc. and are protected under law. This website is not affiliated with, sponsored by, or operated by Jeopardy Productions, Inc. Join the discussion at JBoard.tv.